Pokemon Champions - Statistics

General Stats
  • This quiz has been taken 1,044 times
  • The average score is 8 of 9
Answer Stats
Champions % Correct
Blue
94%
Cynthia
92%
Steven
91%
Lance
90%
Iris
81%
Red
79%
Wallace
79%
Diantha
75%
Alder
72%
No matching quizzes found
Score Distribution
Percent of People with Each Score
Percentile by Number Answered
Your Score History
You have not taken this quiz